01013nam a2200217 a 4500001001000000005001700010008004100027020001500068050002100083100007900104245019800183250000600381260006600387300003200453500014100485504003200626650003200658650001900690700003900709700004700748BRCA_119820190320203326.0750609s1982 mx-a---##b---#000-0#spa-# a9687009020 4aNK844b.R63 19821 aRomero de Terreros y Vinent, ManuelcMarqués de San Franciscod1880-196810aLas artes industriales en la Nueva EspañacManuel Romero de Terreros y Vinent ; edición revisada y anotada por María Teresa Cervantes de Conde y Carlota Romero de Terreros de Prévoisin. a2 aMéxicobBanco Nacional de México : Fomento Culturalc1982 a255 p.bil. a colorc33 cm. aIncluye índice de ilustraciones y Apéndice 1. El mosaico de plumas. Apéndice 2. Breve noticia sobre la porcelana china en México aBibliografía : p. 237-24114aArtes decorativaszMéxico14aArtezMéxico1 aCervantes de Conde, María Teresa1 aRomero de Terreros de Prévoisin, Carlota